000 00299nam a2200109Ia 4500
008 210430s9999 xx 000 0 und d
020 _a224622462246
082 _a502.82 J549 S
245 _aSimple Manual for User of Scanning Microscope JSPM-5200
260 _aJapan
_bJOEL
_c2006
942 _cBK
_2ddc
999 _c563333
_d563333